Data and computer communications (Record no. 2467)

000 -LEADER
fixed length control field 00563nam a2200217 a 4500
001 - CONTROL NUMBER
control field 2467
003 - CONTROL NUMBER IDENTIFIER
control field BD-DhUET
008 - FIXED-LENGTH DATA ELEMENTS--GENERAL INFORMATION
fixed length control field 030416s2004 njua b 001 0 eng
020 ## - INTERNATIONAL STANDARD BOOK NUMBER
International Standard Book Number 8120323556
040 ## - CATALOGING SOURCE
Original cataloging agency DLC
Transcribing agency DLC
Modifying agency BD-DhUET
082 00 - DEWEY DECIMAL CLASSIFICATION NUMBER
Classification number 004.6
Item number STA/2004
100 ## - MAIN ENTRY--PERSONAL NAME
Personal name Stallings, William
245 10 - TITLE STATEMENT
Title Data and computer communications
250 ## - EDITION STATEMENT
Edition statement 7th ed.
260 ## - PUBLICATION, DISTRIBUTION, ETC. (IMPRINT)
Place of publication, distribution, etc. New Delhi
Name of publisher, distributor, etc. Pearson Education
Date of publication, distribution, etc. 2004
300 ## - PHYSICAL DESCRIPTION
Extent xvi, 847 p.
504 ## - BIBLIOGRAPHY, ETC. NOTE
Bibliography, etc Includes bibliographies
650 #0 - SUBJECT ADDED ENTRY--TOPICAL TERM
Topical term or geographic name as entry element Data transmission systems
650 #0 - SUBJECT ADDED ENTRY--TOPICAL TERM
Topical term or geographic name as entry element Computer networks
942 ## - ADDED ENTRY ELEMENTS (KOHA)
Koha item type General Book
Holdings
Koha date last borrowed Withdrawn status Date acquired Lost status Koha issues (times borrowed) Koha date last seen Copy number Shelving location Damaged status Location (home branch) Price effective from Koha full call number Piece designation (barcode) Sublocation or collection (holding branch) Koha item type Not for loan Source of classification or shelving scheme Koha normalized classification for sorting
2023-03-07 2014-09-23 12024-02-201Circulation section Central Library, BUET2014-09-23004.6/STA/200499727Central Library, BUETGeneral Book  004_000000000000000_6STA2004
  2014-09-23  2014-09-232Circulation section Central Library, BUET2014-09-23004.6/STA/2004101804Central Library, BUETGeneral Book  004_000000000000000_6STA2004
  2006-06-10  2017-03-133Circulation section Central Library, BUET2017-03-13004.6/STA/2004101803Central Library, BUETGeneral Book  004_600000000000000_STA_2004